000
00329nam a22001457a 4500
008
221108b ||||| |||| 00| 0 eng d
020
_a
0470266511
041
_a
eng
080
_a
159.9
082
_a
159.9 CER
100
_a
25
101
_a
PSI
245
_a
LEVELS OF PROCESSING IN HUMAN MEMORY
_c
CERMAK L
942
_2
udc
_c
BK
999
_c
58786
_d
58786